Nicaragua: en defensa de la autodeterminación y la soberanía

Spremljeno u:
Bibliografski detalji
Glavni autor: Villagra G., William
Format: Tekst
Izdano: Panamá
Oznake: Dodaj oznaku
Bez oznaka, Budi prvi tko označuje ovaj zapis!

MARC

LEADER 00000 a a2200000 04500
001 21564
003
040
090 |a 095600  
100 |a Villagra G., William  
245 |a Nicaragua: en defensa de la autodeterminación y la soberanía  
260 |a Panamá  
300 |a 11 p.  
999 |c 10658  |d 10658